00595nam a2200205 i 4500001001100000003000500011005001700016008004100033040002500074082001700099100002800116245009500144264002000239300002300259336002100282337002500303338002300328500001700351650002100368C2-0223746PPAK20180728152515.0000305s1976 my |||| ||||| | may d aPPAKbengcPPAKerda04a959.51182231 aKhoo, Kay Kim, eauthor10aSeminar Sejarah Melaka (1976 : Melaka) : bMelaka di zaman pemerintahan Inggeris 1867-1941 1aMelaka : c1976 a19 pages ; c25 cm 2rdacontentatext 2rdamediaaunmediated 2rdacarrieravolume aKertas kerja10aMelaka - History